Születésnapot ünneplünk-

Bibliographic Details
Main Author: Herdics, György, 1966- (Author)
Format: Article
Language:Hungarian
PhysicalDescription:Fotogr.
ISSN:1335-6534
Subjects:

MARC

LEADER 00000nab a2200000 ar4500
001 vtls009003724
003 SK-MaSNL
005 20260319071300.0
008 070607c2007 xo |||||||| 000 b|hun
015 |a SNBRB2007/06  |2 snkbucl 
038 |a SNKBUCL 
040 |a DSZK  |b slo  |c DSZK  |e AACR2 
041 0 |a hun 
044 |a xo  |c SK 
080 |a 264-941  |2 1997 
100 1 |a Herdics, György,  |d 1966-  |4 aut  |9 103269 
245 1 0 |a Születésnapot ünneplünk-  |c Herdics György 
300 |b Fotogr. 
650 0 7 |a Turíce  |2 snkbucl  |9 14957 
773 0 |t Remény  |g Évf. XVIII, sz. 21 (2007), o. 2  |x 1335-6534 
852 |a SNK  |b KIS3GCP 
852 |a DSZK  |b KIS3GCP 
958 |a HU 
958 |a NT 
999 |c 1751835  |d 1753765